Turismo alternativo: servicios turísticos diferenciados (Registro nro. 944)

Detalles MARC
000 -CABECERA
campo de control de longitud fija 00711aam a2200241 4500
005 - FECHA Y HORA DE ACTUALIZACIÓN
campo de control 20160921111347.0
008 - LONGITUD FIJA
campo de control de longitud fija 150309b xxu||||| |||| 00| 0 spa d
041 ## - IDIOMA
Código de idioma del texto/pista de sonido o título separado
082 ## - CLASIFICACIÓN DECIMAL DEWEY
Número de clasificación 3.27 Z25t
100 ## - AUTOR PERSONAL
Nombre de persona Zamorano Casal, Francisco Manuel
245 ## - TÍTULO PROPIAMENTE DICHO
Título Turismo alternativo: servicios turísticos diferenciados
260 ## - PIE DE IMPRENTA
Lugar de publicación, distribución, etc. México
Nombre del editor, distribuidor, etc. Trillas
Fecha de publicación, distribución, etc. 2002
300 ## - DESCRIPCIÓN FÍSICA
Extensión 336 páginas
650 ## - Materia General
Materia general TURISMO SOSTENIBLE
650 ## - Materia General
Materia general TURISMO ALTERNATIVO
650 ## - Materia General
Materia general ANIMACIÓN TURÍSTICA
650 ## - Materia General
Materia general ECOTURISMO
650 ## - Materia General
Materia general TURISMO RURAL
650 ## - Materia General
Materia general TURISMO RECREATIVO
650 ## - Materia General
Materia general BIODIVERSIDAD
650 ## - Materia General
Materia general TURISMO DE AVENTURAS
942 ## - Punto de Acceso Adicional Koha
Tipo de ítem Koha Libro
Existencias
Estado perdido Estado dañado No para préstamo Biblioteca permanente Biblioteca actual Signatura completa Código de barras Precio efectivo a partir del Tipo de ítem
      Departamento de Biblioteca y Documentación Alfonso Chase Brenes Departamento de Biblioteca y Documentación Alfonso Chase Brenes 3.27 Z25t 8400 21/09/2016 Libro
      Departamento de Biblioteca y Documentación Alfonso Chase Brenes Departamento de Biblioteca y Documentación Alfonso Chase Brenes 3.27 Z25t 8403 21/09/2016 Libro